Sports Quiz

Random Sports or Olympics Quiz

I declare open the Games of................ Quiz Stats

 Plays Quiz not verified by Sporcle

Score 0/28 Timer 05:00
0 Plays Today
% Correct
President Bill Clinton
87.8%
President Ronald Reagan
86.6%
Leonid Brezhnev
85.4%
Adolf Hitler
85.4%
President Hu Jintao
82.9%
Emperor Shōwa
80.5%
President Roh Tae-woo
79.3%
President Gustavo Díaz Ordaz
78%
President Konstantinos Stephanopoulos
76.8%
President Giovanni Gronchi
76.8%
Queen Elizabeth II
74.4%
King Juan Carlos I
72%
Acting President Michel Temer
72%
Queen Elizabeth II
70.7%
% Correct
President Gustav Heinemann
68.3%
President Juho Kusti Paasikivi
68.3%
President Gaston Doumergue
68.3%
Vice President Charles Curtis
67.1%
King Gustaf V
65.9%
King George I of Greece
65.9%
King George VI
58.5%
King Edward VII
54.9%
Prince Hendrik
52.4%
King Albert I
48.8%
No Opening Ceremony
48.8%
Governor-General Sir William Deane
47.6%
David Francis
36.6%
The Duke of Edinburgh
35.4%

You're not logged in!

Compare scores with friends on all Sporcle quizzes.
OR
Log In

Sporcle TV

Today on Sporcle TV


Watch our educational content, quiz creation guides, and fun videos on Sporcle TV.

Show Comments

Extras

Top Quizzes Today


Score Distribution

Your Account Isn't Verified!

In order to create a playlist on Sporcle, you need to verify the email address you used during registration. Go to your Sporcle Settings to finish the process.

Report this User

Report this user for behavior that violates our Community Guidelines.

Details: